| 000 | 01663na a2200421 4500 | ||
|---|---|---|---|
| 001 | 23349 | ||
| 003 | MIRAKIL | ||
| 005 | 20181213155048.0 | ||
| 008 | 170912b tu 000 0 | ||
| 020 | _a9789753477246 | ||
| 035 | _a17115 | ||
| 040 |
_aMilas _btur _cTR-AnCHP |
||
| 041 | _atur | ||
| 082 |
_a341.242 _bB54t 2004 |
||
| 090 | _a341.242 B54t 2004 | ||
| 100 | _aBilici, Nurettin | ||
| 245 |
_aTürkiye- Avrupa Birliği ilişkileri _b(Genel bilgiler, iktisadi-mali konular, vergilendirme) _cNurettin Bilici |
||
| 246 | _aDolaysız vergiler uyumlaştırması | ||
| 246 | _aÖzel tüketim vergisi uyumlaştırması | ||
| 246 | _aKatma değer vergisi uyumlaştırması | ||
| 246 | _aVergi uyumlaştırması: prensipler, teşvikler | ||
| 246 | _aEkonomik ve parasal birlik, mali yardımlar | ||
| 246 | _aTarihçe,antlaşmalar, Avrupa Birliği kurumları,genişleme | ||
| 260 |
_aAnkara _bSeçkin Yayınevi _c2004 _fSözkesen matbaacılık |
||
| 300 |
_a272 s. _btbl. _c23 sm. |
||
| 500 | _aYapıt yazarından imzalıdır. | ||
| 504 | _aKaynakça ve dizin var. | ||
| 650 |
_aUluslararası ilişkiler _xAvrupa Birliği _zTürkiye |
||
| 650 |
_aUluslararası anlaşmalar _xAvrupa Birliği _zTürkiye |
||
| 650 |
_aUluslararası hukuk _xAvrupa Birliği _zTürkiye |
||
| 740 | _aDolaysız vergiler uyumlaştırması | ||
| 740 | _aÖzel tüketim vergisi uyumlaştırması | ||
| 740 | _aKatma değer vergisi uyumlaştırması | ||
| 740 | _avergi uyumlaştırması: prensipler, teşvikler | ||
| 740 | _aEkonomik ve parasal birlik, mali konular | ||
| 740 | _aTarihçe,antlaşmalar, Avrupa Birliği kurumları,genişleme | ||
| 942 |
_2ddc _cBKS |
||
| 999 |
_c5839 _d5839 |
||